000
00296nam a22001337a 4500
008
170504b xxu||||| |||| 00| 0 eng d
020
_a
9780314184917
041
_a
eng
080
_2
6TH
_a
34
100
_a
14
101
_a
SHJ
245
_a
TORTS AND COMPENSATION
_c
DOBBS, D.B
942
_2
udc
_c
BK
999
_c
12710
_d
12710